00426nam a22001577a 450000500170000000800410001702000110005804000090006904100100007808200150008810000270010324500730013026000330020330000080023665000240024420250416115059.0250416b |||||||| |||| 00| 0 eng d c500.00 aMAIN aHindi a498.9bAJA a Ajaad, Chandrashekhar aGarhwali Hindi Muhavara Kosh b: Dictionary of Garhwali Hindi Idioms aNew DelhibTakshashilac1989 a283 aTheateraMA Theater